| 000 | 00487nam a22001457a 4500 | ||
|---|---|---|---|
| 082 | _a004 | ||
| 100 | _aHussain, Fatima | ||
| 245 |
_aDiagnosis of Sciatica based on Cross Sectional Study and Analysis / _cFatima Hussain |
||
| 260 |
_aIslamabad : _bCEME - NUST, _c2016. |
||
| 300 |
_aVar. p. ; _c30cm. |
||
| 650 |
_aComputer Software Engineering-MS-Thesis _916105 |
||
| 700 |
_aDr. Muhammad Usman Akram _916084 |
||
| 942 |
_2ddc _cTHE |
||
| 999 |
_c537870 _d537870 |
||